000 01782nam a2200481 c 4500
001 45897
003 ES-MaCES
005 20150519125301.0
008 150518s2015 sp 000 | spa d
017 _aB 774-2015
_bDL
020 _a9788498886344
040 _aES-MaCES
_bspa
_cES-MaCES
041 1 _aspa
_heng
100 1 _935700
_aBenkler, Yochai
245 1 3 _aLa riqueza de las redes
_b: cómo la producción social transforma los mercados y la libertad
_cYochai Benkler ; ed. a cargo de Florencio Cabello y Andoni Alonso ; [trads., Maryam Itatí Portillo ... et al.]
250 _a1ª ed
260 _aBarcelona
_bIcaria
_c2015
300 _a533 p.
_c22 cm
490 1 _aIcaria antrazyt
_v421
_aAnálisis contemporáneo
500 _aTraducción de: The wealth of networks, how social protection transforms markets and freedom
504 _aBibliografía: p. 531-533
541 _cCompra
650 4 _aInternet
_930572
650 4 _ared de información
_928924
650 4 _ared social
_930592
650 4 _apolítica de información
_929434
650 4 _aevaluación del impacto
_930732
650 4 _aeconomía
_926781
650 4 _amercado
_927899
650 4 _ateoría económica
_927076
650 4 _alibertad
_927176
650 4 _aderechos civiles
_930100
650 4 _apolítica
_927246
653 1 0 _aTransporte-Comunicaciones
700 1 _aCabello, Florencio
_eed. lit.
_935701
700 1 _aAlonso, Andoni
_eed. lit.
_935702
700 1 _aItatí Portillo, Maryam
_etr.
_935703
740 4 2 _aThe wealth of networks, how social protection transforms markets and freedom
830 0 _aIcaria antrazyt (1995)
_v421
_932670
830 0 _aIcaria antrazyt (1995)
_pAnálisis contemporáneo
_933737
902 _aLIB Libro
942 _2CES
_cBK
_h5.2.
999 _c45897
_d45897